000 00291nam a22001337a 4500
008 170622b xxu||||| |||| 00| 0 eng d
020 _a0135971209
041 _aeng
080 _a338
100 _a21
101 _aSHP
245 _aMODERN POLITICAL ECONOMY
_cFROHLICH,N
942 _2udc
_cBK
999 _c18794
_d18794